[Event "Umbria Regional-ch"]
[Site "Foligno"]
[Date "2009.06.06"]
[Round "4"]
[White "Salerno, Francesco"]
[Black "Malfagia, Andrea"]
[Result "1/2-1/2"]
[WhiteElo "2000"]
[BlackElo "2282"]
[PlyCount "72"]
[EventDate "2009.06.05"]
[EventType "swiss"]
[EventRounds "6"]
[EventCountry "ITA"]
[SourceTitle "EXT 2011"]
[Source "ChessBase"]
[SourceDate "2010.11.26"]
[SourceVersion "1"]
[SourceVersionDate "2010.11.26"]
[SourceQuality "1"]

1. d4 Nf6 2. c4 e6 3. Nf3 Bb4+ 4. Bd2 Qe7 5. g3 Nc6 6. Bg2 Bxd2+ 7. Nbxd2 d6 8. 0-0 0-0 9. Rc1 a5 10. e3 e5 11. a3 a4 12. Qc2 Bg4 13. c5 e4 14. Ng5 d5 15. Rce1 h6 16. Nh3 Qd7 17. Nf4 g5 18. Ne2 Bh3 19. f3 Bxg2 20. Kxg2 Rfe8 21. Nc3 exf3+ 22. Rxf3 Re6 23. h3 Kg7 24. Ref1 Ne7 25. e4 dxe4 26. Ndxe4 Nxe4 27. Rxf7+ Kg8 28. d5 Nxd5 29. Rxd7 Ne3+ 30. Kh2 Nxc2 31. Nxe4 Rxe4 32. Rff7 Rc8 33. Rg7+ Kf8 34. Rh7 Ke8 35. Rdg7 Re2+ 36. Kg1 Kf8 1/2-1/2

[Event "Umbria Regional-ch"]
[Site "Foligno"]
[Date "2009.06.05"]
[Round "3"]
[White "Minni, Stefano"]
[Black "Salerno, Francesco"]
[Result "0-1"]
[WhiteElo "1452"]
[BlackElo "2000"]
[PlyCount "142"]
[EventDate "2009.06.05"]
[EventType "swiss"]
[EventRounds "6"]
[EventCountry "ITA"]
[SourceTitle "EXT 2011"]
[Source "ChessBase"]
[SourceDate "2010.11.26"]
[SourceVersion "1"]
[SourceVersionDate "2010.11.26"]
[SourceQuality "1"]

1. c4 c5 2. Nc3 g6 3. g3 Bg7 4. Bg2 Nc6 5. Nf3 d6 6. 0-0 e5 7. d3 f5 8. e3 Nf6 9. a3 0-0 10. Qc2 Nh5 11. Ne2 g5 12. Qd2 f4 13. exf4 exf4 14. gxf4 g4 15. Ng5 Nxf4 16. Nxf4 Qxg5 17. Bxc6 bxc6 18. Rb1 Be5 19. Ng2 Qh5 20. Qg5+ Qxg5 21. Bxg5 Rf3 22. Rfd1 Be6 23. Bh4 Raf8 24. Rd2 Bf5 25. Rbd1 Rb8 26. Bg3 Rxb2 27. Bxe5 Rxd2 28. Rxd2 dxe5 29. Ne3 Be6 30. Rb2 h5 31. Rb7 Rf7 32. Rb8+ Kg7 33. Kg2 Rd7 34. Rb3 Kg6 35. a4 Kg5 36. a5 a6 37. Rb6 Rxd3 38. Rxc6 Bf5 39. Nxf5 Kxf5 40. Rxc5 Ra3 41. Rc8 Rxa5 42. c5 Ke6 43. Kg3 Kd7 44. Rh8 Ra3+ 45. Kg2 a5 46. Rxh5 Ke6 47. Rg5 Ra4 48. Rg6+ Kd5 49. Ra6 Kxc5 50. Ra8 Kd5 51. Kg3 Kc5 52. Re8 Re4 53. f3 gxf3 54. Kxf3 Rf4+ 55. Ke3 Kd5 56. Rd8+ Kc4 57. Rc8+ Kb3 58. Rc5 a4 59. Rxe5 Rh4 60. Rb5+ Ka2 61. Kd3 Rxh2 62. Kc3 a3 63. Re5 Rh3+ 64. Kc2 Rb3 65. Re1 Rb6 66. Re3 Rc6+ 67. Kd1 Kb2 68. Re2+ Kb1 69. Re3 Rd6+ 70. Ke2 a2 71. Rb3+ Kc2 0-1

[Event "Umbria Regional-ch"]
[Site "Foligno"]
[Date "2009.06.05"]
[Round "2"]
[White "Salerno, Francesco"]
[Black "Almadori, Giovanni"]
[Result "1-0"]
[WhiteElo "2000"]
[BlackElo "1401"]
[PlyCount "68"]
[EventDate "2009.06.05"]
[EventType "swiss"]
[EventRounds "6"]
[EventCountry "ITA"]
[SourceTitle "EXT 2011"]
[Source "ChessBase"]
[SourceDate "2010.11.26"]
[SourceVersion "1"]
[SourceVersionDate "2010.11.26"]
[SourceQuality "1"]

1. d4 Nf6 2. c4 e6 3. Nc3 Bb4 4. Nf3 0-0 5. g3 d6 6. Bg2 Nbd7 7. 0-0 Bxc3 8. bxc3 e5 9. Rb1 Rb8 10. Qc2 Re8 11. Rd1 Qe7 12. dxe5 Nxe5 13. Nxe5 Qxe5 14. Rb2 Bf5 15. Qb3 b6 16. Bf4 Qc5 17. Qa4 Ne4 18. Be3 Nxc3 19. Qxa7 Qxc4 20. Rdd2 Ne4 21. Rd4 Qc6 22. Qa3 Qc3 23. Qxc3 Nxc3 24. Rbd2 Ne4 25. Bxe4 Bxe4 26. Rc4 Rbc8 27. Bf4 Bb7 28. Rdc2 Rxe2 29. Rxe2 Ba6 30. Rxc7 Rf8 31. Rd2 d5 32. Rc6 Bb7 33. Rxb6 Bc8 34. Rdb2 h6 1-0